000
00304nam a2200145Ia 4500
100
_a
Arerkar/ Rajendra
942
_c
BK
654
_a
computer science
245
_a
Theory of Computer Science
260
_b
Mahalaxmi
_c
2001
082
_a
4
_b
AKE
300
_a
517
546
_a
ENGLISH
999
_c
31047
_d
31047